Changed security situation in Jammu and Kashmir Article 370/ (Record no. 210713)

MARC details
000 -LEADER
fixed length control field 00601nam a22001937a 4500
005 - DATE AND TIME OF LATEST TRANSACTION
control field 20250403124249.0
010 ## - LCCN (DPL NO)
LC control number ENG-144475
020 ## - INTERNATIONAL STANDARD BOOK NUMBER
International Standard Book Number 9788194435792
Terms of availability 1100.00
035 ## - SYSTEM CONTROL NUMBER
System control number EN-128007
037 ## - SOURCE OF ACQUISITION
Source of stock number/acquisition DBAD
082 ## - DEWEY DECIMAL CLASSIFICATION NUMBER
Classification number 342.546029
100 ## - MAIN ENTRY--PERSONAL NAME
Personal name Sethi, Venkat Singh
245 ## - TITLE STATEMENT
Title Changed security situation in Jammu and Kashmir Article 370/
Statement of responsibility, etc Venkat Singh Sethi
246 ## - VARYING FORM OF TITLE
Remainder of title
260 ## - PUBLICATION, DISTRIBUTION, ETC. (IMPRINT)
Name of publisher, distributor, etc Sumit Enterprises
Date of publication, distribution, etc 2020
Place of publication, distribution, etc New Delhi
270 ## - ADDRESS
Address 4649/21, Ansari Road Dariya Ganj
City New Delhi
Postal code 110002
300 ## - PHYSICAL DESCRIPTION
Extent 199p.
Dimensions 24cm(Hb)
942 ## - ADDED ENTRY ELEMENTS (KOHA)
Source of classification or shelving scheme Dewey Decimal Classification
Item type English Books
Classification part 342.546029
Call number suffix SET
Holdings
Withdrawn status Lost status Not for loan Collection code Home library Current library Date acquired Source of acquisition Cost, normal purchase price Full call number Barcode Copy number Cost, replacement price Koha item type
      Non-fiction Ashok Vihar Ashok Vihar 03/04/2025 Delivery of Books Act Division 1100.00 342.546029 SET EN-128007 1 1100.00 English Books

© Delhi Public Library
Hit Counter
free hit counter